000
00358 a2200169 4500
001
187839
020
_a
85-262-4566-X
040
_c
Magnum
100
_a
Cabrini, Conceição
240
1
0
_a
História temática 6
_l
por
245
1
0
_a
História temática 6
300
_a
191
362
0
_a
2000
440
1
_a
Scipione
697
_a
HISTÓRIA
942
_c
BK
999
_c
187839
_d
187839